Asamiya larar mitra (Record no. 4053)

MARC details
000 -LEADER
fixed length control field 00571cam a2200205ua 4500
001 - CONTROL NUMBER
control field 4236
005 - DATE AND TIME OF LATEST TRANSACTION
control field 20260515113814.0
008 - FIXED-LENGTH DATA ELEMENTS--GENERAL INFORMATION
fixed length control field 111223n ii |||gr||||Z||||||asm
040 ## - CATALOGING SOURCE
Transcribing agency MAIN
082 ## - DEWEY DECIMAL CLASSIFICATION NUMBER
Classification number 891.4518
100 ## - MAIN ENTRY--PERSONAL NAME
Personal name Phookan, Anandaram Dhekial,
245 11 - TITLE STATEMENT
Title Asamiya larar mitra
Statement of responsibility, etc. by Anandaram Dhekial Phookan
250 ## - EDITION STATEMENT
Edition statement 2nd.
260 ## - PUBLICATION, DISTRIBUTION, ETC.
Place of publication, distribution, etc. Guwahati:
Name of publisher, distributor, etc. Anandoram barooah institute o language,999.
300 ## - PHYSICAL DESCRIPTION
Extent 246p:
Dimensions 23cm.
653 ## - INDEX TERM--UNCONTROLLED
Uncontrolled term Assamese traveller
653 ## - INDEX TERM--UNCONTROLLED
Uncontrolled term Asamiya larar mitra
700 ## - ADDED ENTRY--PERSONAL NAME
Personal name Bhuyan, Jogendra Narayan,
Relator term Editor.,
942 ## - ADDED ENTRY ELEMENTS (KOHA)
Koha item type Books
Holdings
Withdrawn status Lost status Damaged status Not for loan Home library Current library Shelving location Date acquired Total checkouts Full call number Barcode Date last seen Copy number Price effective from Koha item type
        Naharkatiya College Library Naharkatiya College Library General stacks 09/19/2020   891.4518 | PHO 9154 09/19/2020 2 09/19/2020 Books
        Naharkatiya College Library Naharkatiya College Library General stacks 09/19/2020   891.4518 | PHO 9155 09/19/2020 1 09/19/2020 Books